<?xml version="1.0" encoding="UTF-8"?>
<record
    xmlns:xsi="http://www.w3.org/2001/XMLSchema-instance"
    xsi:schemaLocation="http://www.loc.gov/MARC21/slim http://www.loc.gov/standards/marcxml/schema/MARC21slim.xsd"
    xmlns="http://www.loc.gov/MARC21/slim">

  <leader>00519nam a2200193   4500</leader>
  <controlfield tag="003">LK-CoMWRAF</controlfield>
  <controlfield tag="005">20230905152518.0</controlfield>
  <controlfield tag="008">230905b1994    |||||||| |||| 00| 0 eng d</controlfield>
  <datafield tag="020" ind1=" " ind2=" ">
    <subfield code="a">8172242875</subfield>
  </datafield>
  <datafield tag="040" ind1=" " ind2=" ">
    <subfield code="a">LK-CoMWRAF</subfield>
    <subfield code="d">LK-CoMWRAF</subfield>
    <subfield code="e">LK-CoMWRAF</subfield>
  </datafield>
  <datafield tag="041" ind1=" " ind2=" ">
    <subfield code="a">eng</subfield>
  </datafield>
  <datafield tag="082" ind1=" " ind2=" ">
    <subfield code="a">954.03</subfield>
    <subfield code="b">CHA</subfield>
  </datafield>
  <datafield tag="100" ind1=" " ind2=" ">
    <subfield code="a">Chaudhuri, Nirad C.</subfield>
  </datafield>
  <datafield tag="245" ind1=" " ind2=" ">
    <subfield code="a">The Autobiography of an unknown Indian</subfield>
  </datafield>
  <datafield tag="260" ind1=" " ind2=" ">
    <subfield code="a">Bombe :</subfield>
    <subfield code="b">Jaico publishing house,  </subfield>
    <subfield code="c">1994</subfield>
  </datafield>
  <datafield tag="650" ind1=" " ind2=" ">
    <subfield code="a">India -- Biography </subfield>
  </datafield>
  <datafield tag="650" ind1=" " ind2=" ">
    <subfield code="a">Autobiographies</subfield>
  </datafield>
  <datafield tag="942" ind1=" " ind2=" ">
    <subfield code="c">BK</subfield>
  </datafield>
  <datafield tag="952" ind1=" " ind2=" ">
    <subfield code="0">0</subfield>
    <subfield code="1">0</subfield>
    <subfield code="4">0</subfield>
    <subfield code="7">0</subfield>
    <subfield code="a">MAIN</subfield>
    <subfield code="b">MAIN</subfield>
    <subfield code="d">2023-09-05</subfield>
    <subfield code="l">0</subfield>
    <subfield code="o">954.03 CHA</subfield>
    <subfield code="p">RAF841</subfield>
    <subfield code="r">2023-09-05</subfield>
    <subfield code="w">2023-09-05</subfield>
    <subfield code="y">BK</subfield>
  </datafield>
  <datafield tag="999" ind1=" " ind2=" ">
    <subfield code="c">3413</subfield>
    <subfield code="d">3413</subfield>
  </datafield>
</record>
